000 01114nam0a2200301 4500
001 RU\NLR\bibl\1388331
005 20260405053025.0
010 _a978-5-462-00936-5
_98000
021 _aRU
_b2009-34749
_92094
035 _a(NLR Aleph) 001380387
090 _a1098284
_c1098284
100 _a20090701d2009 |||y0rusy50 ca
101 0 _arus
102 _aRU
105 _aa |||||||||
200 1 _aВеселые конкурсы для больших и маленьких
_fС. Афанасьев, С. Коморин
210 _aМосква
_cАСТ-Пресс
_d2009
215 _a286, [1] с.
_cил.
_d22
225 1 _a1000 советов
606 1 _aРазвлечения
_92297185
_3RU\NLR\auth\661375485
686 _aЧ711.259развлечения
700 1 _4070
_8rus
_7ca
_aАфанасьев
_bС. П.
_cпедагог-методист
_gСергей Павлович
_3RU\NLR\auth\7716962
_954
701 1 _aКоморин
_bС. В.
_gСергей Владимирович
_4070
801 0 _aRU
_bNLR
_c20090701
_gRCR
801 1 _aRU
_bNLR
_c20090701
942 _cBOOK
980 _aNB